Countries that do NOT Officially Recognize Palestine as a Nation. - Statistics

General Stats
  • This quiz has been taken 48 times
    40 since last reset
  • The average score is 36 of 63
Answer Stats
Answer % Correct
United States of America
97%
United Kingdom
90%
Canada
86%
Germany
86%
France
83%
Finland
79%
Greece
79%
New Zealand
79%
Spain
79%
Australia
76%
Australia
76%
Denmark
72%
Israel
72%
Italy
72%
Andorra
69%
Japan
69%
Mexico
69%
Norway
69%
Portugal
69%
South Korea
69%
Croatia
62%
Ireland
62%
Lithuania
62%
Monaco
62%
Slovenia
62%
Switzerland
62%
Vatican City
62%
Estonia
59%
Kiribati
59%
Kosovo
59%
Latvia
59%
Luxembourg
59%
Panama
59%
Armenia
55%
Fiji
55%
Liechtenstein
55%
San Marino
55%
Eritrea
52%
Federated States of Micronesia
52%
Nauru
52%
North Macedonia
52%
Tonga
52%
Tuvalu
52%
Samoa
48%
Myanmar
45%
Nepal
45%
Palau
45%
Solomon Islands
45%
Barbados
41%
Bhutan
41%
Cameroon
41%
Democratic Republic of the Congo
38%
Guatemala
38%
Antigua and Barbuda
34%
Liberia
34%
Trinidad and Tobago
34%
Equatorial Guinea
31%
Lesotho
31%
Madagascar
31%
Sierra Leone
31%
Suriname
31%
Burundi
28%
Rwanda
28%
No matching quizzes found
Score Distribution
Percent of People with Each Score
Percentile by Number Answered
Your Score History
You have not taken this quiz since the last reset